| 000 | 00666nam a2200217 a 4500 | ||
|---|---|---|---|
| 001 | 22714 | ||
| 003 | BD-RjUL | ||
| 005 | 20211209000837.0 | ||
| 008 | 140309s1947 enk 000 0 eng d | ||
| 035 | _a(BD-RjUL) 22779 | ||
| 040 |
_aWOO _dm.c _dBD-RjUL _beng _cBD-RjUL |
||
| 041 | _aeng | ||
| 082 |
_a826 _bSCP 1947 |
||
| 100 | 1 |
_aScott, Walter, _d1771-1832. _957712 |
|
| 245 | 1 | 0 |
_aPrivate letters of the seventeenth century / _cby Sir Walter Scott ; with an introduction by Douglas Grant |
| 260 |
_aOxford : _bClarendon Press, _c1947. |
||
| 300 |
_a109 p. ; _c19 cm |
||
| 650 |
_aScott, Walter, 1771-1832 _970068 |
||
| 942 |
_2ddc _cBK |
||
| 999 |
_c22714 _d22714 |
||